000 00747cam a22002413a 4500
001 18717
003 PGUSA
005 20140828083410.0
008 060629s2006||||xxu|||||s|||||000 1 eng d
040 _aPGUSA
_beng
042 _adc
050 4 _aPR
100 1 _aDoyle, Arthur Conan,
_d1859-1930
245 1 0 _aMicah Clarke - Tome II :
_bLe Capitaine Micah Clarke
_h[electronic resource] /
_cArthur Conan Doyle
260 _bProject Gutenberg,
_c2006
506 _aPublic domain in the USA.
516 _aElectronic text
653 _aGreat Britain -- History -- Stuarts, 1603-1714 -- Fiction
700 1 _aSavine, Albert,
_d1859-1927
830 0 _aProject Gutenberg
_v18717
856 4 0 _uhttp://www.gutenberg.org/ebooks/18717
942 _cEB
999 _c247972
_d247972